000 00562nam a2200169 a 4500
001 000045290
005 20241017090756.0
008 150225s2009 dr a 000 0 spa d
020 _a9789945460483
040 _aDO-SdBNP
_bspa
_cBNPHU
082 _axxxx
_bxxxx
100 1 _aEstévez Aristy, Justiniano,
_d1962-
_93212
245 1 3 _aLa mariposita Evangelina y el lagarto glotón /
_cJustiniano Estévez Aristy.
260 _aSanto Domingo :
_bSantuario,
_c2009.
300 _a70 p. :
_bil. ;
_c22 cm.
500 _aIncluye datos biográficos del autor en las solapas
999 _c44779
_d44779